Normal view
MARC view
Entry Corporate Name
001 - CONTROL NUMBER
- control field: 5327
003 - CONTROL NUMBER IDENTIFIER
- control field: ARRUPE
005 - DATE AND TIME OF LATEST TRANSACTION
- control field: 20131206135220.0
008 - FIXED-LENGTH DATA ELEMENTS
- fixed length control field: 131206|| aca||aabn | a|a d
040 ## - CATALOGING SOURCE
- Original cataloging agency: ARRUPE
- Transcribing agency: ARRUPE
110 ## - HEADING--CORPORATE NAME
- Corporate name or jurisdiction name as entry element: Missionaries of Charity
- Form subdivision: Biography.
670 ## - SOURCE DATA FOUND
- Source citation: Work cat.: (ARRUPE)0: Vardey, Lucinda. Mother Teresa 1910-1997. 5325, Mother Teresa /, 1995.